000 00517nam a2200145 i 4500
001 63066
003 ES-MaACL
007 t|
008 031128s1983 sp ||||1| spa d
100 1 _aFernández-Quintanilla, César.
_950018
245 1 0 _aAportación a las investigaciones sobre los pastos y forrajes españoles
_b: (1877-1980) /
_cCésar Fernández-Quintanilla.
260 _aMadrid :
_bInstituto Nacional de Investigaciones Agrarias,
_c1983.
300 _a299 p. ;
_c24 cm.
852 _aES-MaACL
_jL-5568
_bR.105971
999 _c63066
_d63066